U-9 SELAHADDİN KUDÜS MUHAFIZI OLMA YOLUNDA (Record no. 588979)

MARC details
000 -LEADER
sabit uzunluktaki kontrol alanı 00310nam a2200109Ia 4500
001 - KONTROL NUMARASI
kontrol alanı 588979
005 - EN SON İŞLEMİN TARİH VE ZAMANI
kontrol alanı 20250717120840.0
008 - SABİT-UZUNLUKTA VERİ ÖĞELERİ--GENEL BİLGİ
sabit uzunluktaki kontrol alanı 250717s9999 xx 000 0 und d
245 #0 - ESER / YAZAR
ESER ADI U-9 SELAHADDİN KUDÜS MUHAFIZI OLMA YOLUNDA
Yazar Adı RABİA KARZAN
260 ## - YAYIN, DAĞITIM, VB.
YAYIN EVİ TÜRKİYE DİYANET VAKFI YAYINLARI
Yayın, dağıtım tarihi, vb. 2020
300 ## - FİZİKSEL AÇIKLAMA
Diğer fiziksel ayrıntılar 43

No items available.